Scotland Rugby - 1990 Grand Slam winning Team - Statistics

General Stats
  • This quiz has been taken 108 times
  • The average score is 10 of 15
Answer Stats
Position Player % Correct
15 Gavin Hastings
99%
13 Scott Hastings
97%
14 Tony Stanger
80%
7 Finlay Calder
79%
1 David Sole
77%
6 John Jeffrey
75%
9 Gary Armstrong
72%
10 Craig Chalmers
67%
11 Iwan Tukalo
58%
2 Ken Milne
57%
12 Sean Lineen
53%
8 Derek White
52%
5 Damian Cronin
45%
3 Paul Burnell
42%
4 Chris Gray
37%
No matching quizzes found
Score Distribution
Percent of People with Each Score
Percentile by Number Answered
Your Score History
You have not taken this quiz